El kuerbo. The raven. Tradukzión direkta del inglés por José Antonio Pérez Bonalde, indibiduo korrespondiente de la Rreal Akademia Española. Kuarta edizión akompañada del testo inglés
Kaydedildi:
| Yazar: | |
|---|---|
| Materyal Türü: | Kitap |
| Dil: | İngilizce İspanyolca |
| Baskı/Yayın Bilgisi: |
Quillota
Franzisko Enrríkez, editor
1895
|
| Edisyon: | 4a. ed |
| Konular: | |
| Etiketler: |
Etiketle
Etiket eklenmemiş, İlk siz ekleyin!
|
MARC
| LEADER | 00000nam a2200000 a 4500 | ||
|---|---|---|---|
| 001 | UCJ4581 | ||
| 003 | CL-VaPUC | ||
| 008 | 070124e18950000CL |||||||||||||||||eng|d | ||
| 041 | 0 | 7 | |a eng |2 CL-VaPUC |
| 041 | 0 | 7 | |a spa |2 CL-VaPUC |
| 082 | 0 | 4 | |a 090 |b POE |2 21 |
| 100 | |a Poe, Edgar Allan |e author |9 313715 | ||
| 245 | 1 | 3 | |a El kuerbo. The raven. Tradukzión direkta del inglés por José Antonio Pérez Bonalde, indibiduo korrespondiente de la Rreal Akademia Española. Kuarta edizión akompañada del testo inglés |
| 250 | |a 4a. ed | ||
| 300 | |a 29 p | ||
| 942 | |c BK | ||
| 945 | |d 20070124 00:00:00 |a rinostro | ||
| 260 | |a Quillota |b Franzisko Enrríkez, editor |c 1895 | ||
| 500 | |a Libro raro por estar escrito de acuerdo con las normas ortográficas prescritas por los llamados Neógrafos, quienes, a fines del siglo 19 y comienzos del 20 propiciaban el uso de lo que denominaron Ortografía Racional; esta corriente ortográfica no prosperó quedando como curiosidad del idioma. La copia 2, editada en Quillota, Finca Andonaegui, 1914, lleva ex libris de Alejandro Fuenzalida | ||
| 600 | 0 | 7 | |a PEREZ BONALDE, JOSE ANTONIO |2 CL-VaPUC |9 508578 |
| 650 | 0 | |a Poesía estadounidense |9 265065 | |
| 650 | 7 | |a NEOGRAFOS |2 CL-VaPUC |9 342451 | |
| 650 | 7 | |a ORTOGRAFIA RACIONAL |2 CL-VaPUC |9 342450 | |
| 650 | 7 | |a LIBRO RARO |2 CL-VaPUC |9 504169 | |
| 583 | |a last modification |c 20130712 06:17:05 |k Rodrigo Vera | ||
| 999 | |c 320697 |d 320695 | ||
| 952 | |0 0 |1 0 |4 0 |6 090_000000000000000_POE_1895 |7 0 |8 X |9 399267 |a FDOBUD |b FDOBUD |d 2019-11-22 |i 1021974 |o 090 POE 1895 |p 1021974 |r 2019-11-22 |w 2019-11-22 |y BK_X |k BUD | ||
| 952 | |0 0 |1 0 |4 0 |6 090_000000000000000_POE_1895 |7 0 |8 X |9 399268 |a FDOBUD |b FDOBUD |d 2019-11-22 |i 1022008 |o 090 POE 1895 |p 1022008 |r 2019-11-22 |w 2019-11-22 |y BK_X |k BUD | ||